Historia de Venezuela / (Registro nro. 144431)
[ vista simple ]
| 000 -LEADER | |
|---|---|
| campo de control de longitud fija | 00479nam a2200157 4500 |
| 001 - NÚMERO DE CONTROL | |
| campo de control | 144431 |
| 003 - IDENTIFICADOR DE NÚMERO DE CONTROL | |
| campo de control | ES-MaACL |
| 005 - FECHA Y HORA DE LA ÚLTIMA TRANSACCIÓN | |
| campo de control | 20230906201021.0 |
| 007 - CAMPO FIJO DE DESCRIPCIÓN FÍSICA--INFORMACIÓN GENERAL | |
| campo de control de longitud fija | t| |
| 008 - DATOS DE LONGITUD FIJA--INFORMACIÓN GENERAL | |
| campo de control de longitud fija | 070214s1981 ve r ||||1| spa d |
| 100 1# - ENTRADA PRINCIPAL--NOMBRE DE PERSONA | |
| Nombre de persona | Siso Martínez, J. M. |
| 9 (RLIN) | 106695 |
| 245 10 - MENCIÓN DEL TÍTULO | |
| Título | Historia de Venezuela / |
| Mención de responsabilidad, etc. | J. M. Siso Martínez. |
| 260 ## - PUBLICACIÓN, DISTRIBUCIÓN, ETC. | |
| Lugar de publicación, distribución, etc. | [Caracas] : |
| Nombre del editor, distribuidor, etc. | Discolar, |
| Fecha de publicación, distribución, etc. | 1981 ( |
| Lugar de fabricación/manufactura | Santa Cruz de Tenerife : |
| Fabricante | Lit. A. Romero) |
| 300 ## - DESCRIPCIÓN FÍSICA | |
| Extensión | XI, 673 p. ; |
| Dimensiones | 21 cm. |
| 852 ## - LOCALIZACIÓN | |
| Ubicación | ES-MaACL |
| Número de control de estantería | L-1387 |
| Sublocalización o colección | R.101972 |
| Estatus retirado | Estado de pérdida | Estado de daño | No para préstamo | Biblioteca de origen | Biblioteca actual | Ubicación en estantería | Fecha de adquisición | Fuente de adquisición | Total de préstamos | Signatura topográfica completa | Código de barras | Visto por última vez | Precio de reemplazo | Tipo de ítem Koha |
|---|---|---|---|---|---|---|---|---|---|---|---|---|---|---|
| Biblioteca del Ateneo de Madrid | Biblioteca del Ateneo de Madrid | Depósito 2 | 17/01/2008 | L-1387 | 1150271 | 23/02/2023 | 23/02/2023 | Libro impreso |
